00565nam a2200157Ia 4500001001000000003000500010008004100015010001100056040000900067100001700076245013100093260005800224300001500282440004200297650006800339Para_5022CHAP220125s1936 xx 000 0 und d a203487 cCHAP aKandow, K. J aFurther studies on zinc sulfate in peach sprays :b with limited tests in apple sprays /c by K. J. Kandow and H. W. Anderson aUrbana, Illinois :b Agricultural Experiment Station ap. 131-144 aIllinois Agri Exp. Sta. Bulletin; 424 aZinc x Efecto en durazno Sulfato ferroso x Efecto en plantas